Southville International School and Colleges
Your cart is empty.
  • Cart
  • Lists
    Public lists Eva Luna New books Lux_list list_1
    Your lists Log in to create your own lists
  • Log in to your account
  • Your cookies
  • Search history
Southville International School and Colleges
  • Advanced search
  • Recent comments
  • Most popular
  • Libraries

Log in to your account

Log in with GOOGLE


If you do not have an external account, but do have a local account, you can still log in:

  1. Home
  2. MARC view: Ten steps to a results-based monitoring and evaluation system :
Normal view MARC view ISBD view

Ten steps to a results-based monitoring and evaluation system : (Record no. 357297)

[ view plain ]
MARC details
000 -LEADER
fixed length control field 00977nam a2200265Ia 4500
008 - FIXED-LENGTH DATA ELEMENTS--GENERAL INFORMATION
fixed length control field 180523s9999 xx 000 0 und d
020 ## - INTERNATIONAL STANDARD BOOK NUMBER
International Standard Book Number 0-8213-5823-5
050 ## - LIBRARY OF CONGRESS CALL NUMBER
Classification number MAIN JF 1525.P67
050 ## - LIBRARY OF CONGRESS CALL NUMBER
Item number .K87 2004
100 ## - MAIN ENTRY--PERSONAL NAME
Personal name Kusek, Jody Zall.
245 #0 - TITLE STATEMENT
Title Ten steps to a results-based monitoring and evaluation system :
245 #2 - TITLE STATEMENT
Remainder of title a handbook for development practitioners /
245 #0 - TITLE STATEMENT
Statement of responsibility, etc Jody Zall Kusek and Ray C. Rist.
260 ## - PUBLICATION, DISTRIBUTION, ETC. (IMPRINT)
Place of publication, distribution, etc Washington D.C. :
260 ## - PUBLICATION, DISTRIBUTION, ETC. (IMPRINT)
Name of publisher, distributor, etc World Bank,
260 ## - PUBLICATION, DISTRIBUTION, ETC. (IMPRINT)
Date of publication, distribution, etc 2004
300 ## - PHYSICAL DESCRIPTION
Extent 248 pages :
300 ## - PHYSICAL DESCRIPTION
Other physical details illustrations ;
300 ## - PHYSICAL DESCRIPTION
Dimensions 23 cm.
500 ## - GENERAL NOTE
General note Includes bibliographical references and index.
650 ## - SUBJECT ADDED ENTRY--TOPICAL TERM
Topical term or geographic name as entry element Government productivity -- Developing countries -- Evaluation.
650 ## - SUBJECT ADDED ENTRY--TOPICAL TERM
Topical term or geographic name as entry element Total quality management in government -- Developing countries -- Evaluation.
650 ## - SUBJECT ADDED ENTRY--TOPICAL TERM
General subdivision Performance standards -- Developing countries -- Evaluation.
650 ## - SUBJECT ADDED ENTRY--TOPICAL TERM
General subdivision Public administration -- Developing countries -- Evaluation.
Holdings
Withdrawn status Lost status Damaged status Home library Current library Shelving location Date acquired Cost, normal purchase price Total Checkouts Full call number Barcode Date last seen Price effective from Koha item type
      South Mansfield College South Mansfield College   03/07/2005 681.00   MAIN JF 1525.P67 .K87 2004 SMC00512 05/23/2018 05/23/2018  

Ten steps to a results-based monitoring and evaluation system :

APA

Kusek J. Z., .Ten steps to a results-based monitoring and evaluation system. Washington D.C: .

Chicago

Kusek Jody Zall, .Ten steps to a results-based monitoring and evaluation system. Washington D.C: .

Harvard

Kusek J. Z., .Ten steps to a results-based monitoring and evaluation system. Washington D.C: .

MLA

Kusek Jody Zall, .Washington D.C: . .

  • Place hold
  • Print
  • Cite
  • Add to your cart (remove)
  • Save record
    BIBTEX Dublin Core MARCXML MARC (non-Unicode/MARC-8) MARC (Unicode/UTF-8) MARC (Unicode/UTF-8, Standard) MODS (XML) RIS
  • More searches
    Search for this title in:
    Other Libraries (WorldCat) Other Databases (Google Scholar) Online Stores (Bookfinder.com) Open Library (openlibrary.org)

Exporting to Dublin Core...

SOUTHVILLE LIBRARY

Southville International School and Colleges Library

1281 Tropical Ave. Cor. Luxembourg St., BF Homes International, Las Pinas City

Tel. No. 8256374 / 252358 Loc. 117/146

Powered by Koha